000 00216nmm a2200085Ia 4500
008 220120s9999||||xx |||||||||||||||||und||
100 _aPCQ
245 0 _aCBC Data recovery, R-studio 3.6,Salvage recovery
260 _c2007
999 _c138501
_d138501